LEADER 00949nam0-22003011--450- 001 990008574880403321 005 20071031112151.0 035 $a000857488 035 $aFED01000857488 035 $a(Aleph)000857488FED01 035 $a000857488 100 $a20071031d1985----km-y0itay50------ba 101 0 $aita 102 $aIT 105 $ay-------001yy 200 1 $aViaggiatori stranieri nel Sud$el'immagine della costa di Amalfi nella cultura europea tra mito e realta$fDieter Richter 210 $aAmalfi$cpresso la sede del Centro$d1985 215 $aVIII, 169 p., [20] c. di tav.$cill$d21 cm 225 1 $aQuaderni del Centro di cultura e storia amalfitana 676 $a340$v11 rid.$zita 700 1$aRichter,$bDieter$053675 801 0$aIT$bUNINA$gRICA$2UNIMARC 901 $aBK 912 $a990008574880403321 952 $aSDI-KH 438$bs.i.$fSDI 959 $aSDI 996 $aViaggiatori stranieri nel Sud$9711098 997 $aUNINA LEADER 01068nam--2200373---450- 001 990003039620203316 005 20080102121953.0 010 $a978-88-8353-400-3 035 $a000303962 035 $aUSA01000303962 035 $a(ALEPH)000303962USA01 035 $a000303962 100 $a20080102d2007----km-y0itay50------ba 101 $aita 102 $aIT 105 $a||||||||001yy 200 1 $aInfibulazione$eil corpo violato$fCarla Pasquinelli 210 $aRoma$cMeltemi$d[2007] 215 $a239 p.$d19 cm 225 2 $aMelusine$v57 410 0$12001$aMelusine 606 0 $aMutilazioni gentiali femminili 606 0 $aDeformazioni e mutilazioni 606 0 $aDonne$xImmigrazione$xEtnoantropologia$yItalia 676 $a362.830945 700 1$aPASQUINELLI,$bCarla$0229675 801 0$aIT$bsalbc$gISBD 912 $a990003039620203316 951 $aIII.2. 1306$b201202 LM$cIII.2.$d00065465 959 $aBK 969 $aUMA 979 $aSENATORE$b90$c20080102$lUSA01$h1219 996 $aInfibulazione$9852783 997 $aUNISA